000 00857nam a22002417a 4500
999 _c21597
_d21597
003 AR-CdUCM
008 190312b ||||| |||| 00| 0 spa d
020 _a9786123181505
040 _aMUNICIPALIDAD PROVINCIAL DEL CUSCO
_cBIBLIOTECA MUNICIPAL DEL CUSCO
082 _a468.2/V39
_bV39
100 _aVega, Gina
_945476
245 _aCómo redactar casos de estudio instruccionales :
_btaller autoguiado /
_cGina Vega
260 _aLima :
_bUniversidad Peruana de Ciencias Aplicadas,
_c2018.
300 _a382, [2] páginas. :
_c24 cm.
500 _zIncluye referencias bibliográficas.
650 _aRedacción
_945477
650 _aRedacción de escritos técnicos
_921371
650 _aLengua española
_91124
650 _aInvestigación
_91940
710 _aUniversidad Peruana de Ciencias Aplicadas
_945331
942 _2ddc
_cLIBROS
945 _aRoel